00495nam a22001697a 450000500170000001000150001702000270003203500140005903700130007308200120008610000160009824500600011425000110017426000310018527000850021630000240030120181205113122.0 aENG-117593 a9789350359709c1195.00 aEN-101125 bDABD/PUB a345.025 aRashid M.A. aHandbook on offences and punishments /cby M.A. Rashid a4th ed aGurgaon bLexisNexisc2017 a14th Floor Building No.10, Tower-B, DLF Cyber City, Phase-II, bGurgaon e122002 axxi,880p.c24cm(Hb)